| 000 | 03070nam0a2200337 4500 | ||
|---|---|---|---|
| 001 | RU\NLR\BIBL_A\012034023 | ||
| 005 | 20221227133915.0 | ||
| 021 |
_aRU _bКН-П-19-035659 _9КН-П-19-2631 |
||
| 035 | _a(NLR Aleph) 012034023 | ||
| 035 | _a(RuMoRGB)009979161 | ||
| 090 |
_a11566866 _c11566866 |
||
| 100 | _a20190611d2019 u y0rusy50 ca | ||
| 101 | 0 | _arus | |
| 102 | _aRU | ||
| 105 | _aa|||zzzz100zy | ||
| 200 | 1 |
_aСовершенствование профессиональной подготовки сотрудников подразделений по обеспечению безопасности дорожного движения, 21 сентября 2018 г. _eматериалы межвузовской научно-практической конференции _fМВД России, Федеральное государственное казенное учреждение дополнительного профессионального образования "Всероссийский институт повышения квалификации сотрудников Министерства внутренних дел Российской Федерации", Филиал ВИПК МВД России (г. Набережные Челны) _g[сост.: В. А. Киселев, Е. А. Дресвянникова] _gпод общей редакцией доктора юридических наук, профессора М. В. Костенникова |
|
| 210 |
_aДомодедово _cВИПК МВД России _d2019 |
||
| 215 |
_a129 с. _cил., карт., табл. _d21 |
||
| 320 | _aБиблиогр. в подстроч. примеч. | ||
| 601 | 0 | 2 |
_aГосударственная инспекция безопасности дорожного движения _xКадры _xПодготовка _jСъезды, совещания и т.п _2nlr_sh1 _2nlr_sh2 _3RU\NLR\AUTH\661320094 |
| 686 | 1 | _aХ621.145.310.41я431 | |
| 702 | 1 |
_aКиселев _bВ. А. _cпреподаватель, майор полиции _gВладимир Александрович _3RU\NLR\AUTH\770208142 _4220 |
|
| 702 | 1 |
_aКостенников _bМ. В. _gМихаил Валерьевич _4340 |
|
| 711 | 1 | 2 |
_a"Совершенствование профессиональной подготовки сотрудников подразделений по обеспечению безопасности дорожного движения", межвузовская научно-практическая конференция _f2018 _eНабережные Челны _3RU\NLR\AUTH\880503824 |
| 712 | 0 | 2 |
_aВсероссийский институт повышения квалификации сотрудников МВД России _cДомодедово _bФилиал _cНабережные Челны _3RU\NLR\AUTH\880392816 _4570 |
| 942 | _cBOOK | ||
| 980 | _aNB | ||